| 000 | 00456nam a2200133 i 4500 | ||
|---|---|---|---|
| 001 | bg | ||
| 100 | 1 | _aKOŁODZIEJ, Jan Adam | |
| 245 | 0 |
_aOkreślenie efektywnych własności ośrodków porowatych i kompozytowych przez symulację numeryczną eksperymentu fizycznego z wykorzystaniem metody kollokacji brzegowej / _cA.Kołodziej. |
|
| 260 |
_aPoznań, _c1989. |
||
| 040 | _cBPK | ||
| 041 | _apol | ||
| 942 | _cKS | ||
| 008 | s pl f |000 0 pol | ||
| 999 |
_c29008 _d29008 |
||
| 856 |
_uhttp://koha.tu.koszalin.pl/cgi-bin/koha/opac-detail.pl?biblionumber=29008 _yKatalog online BPK |
||